[Event "EU-ch 4th"]
[Site "Istanbul"]
[Date "2003.06.01"]
[Round "3"]
[White "Movsesian, Sergei"]
[Black "Luther, Thomas"]
[Result "1/2-1/2"]
[WhiteElo "2659"]
[BlackElo "2571"]
[Annotator "Finkel,A"]
[PlyCount "76"]
[EventDate "2003.05.30"]
[EventType "swiss"]
[EventRounds "13"]
[EventCountry "TUR"]
[SourceTitle "CBM 096"]
[Source "ChessBase"]
[SourceDate "2003.09.25"]
[SourceVersion "1"]
[SourceVersionDate "2003.09.25"]
[SourceQuality "1"]

1. e4 Nf6 2. e5 Nd5 3. d4 d6 4. c4 Nb6 5. f4 $5 {The most ambitious
continuation leading to very sharp tactical struggle.} dxe5 6. fxe5 c5 7. d5 e6
8. Nc3 exd5 9. cxd5 c4 10. d6 $5 Be6 (10... Nc6 11. Bf4 (11. Nb5 $5 Qh4+ 12. g3
Qe4+ 13. Qe2 Qxh1 14. Bg5 $1 Be6 $2 15. d7+ $1 Kxd7 16. O-O-O+ $16 {[%csl Rh1]
Fontaine,R-Rogulj,B/Kastav 2002}) 11... g5 (11... Be6 12. Nf3 Qd7 13. Be2 O-O-O
14. Qd2 $16 {Kotsur,P-Koniushkov,I/Smolensk 1997}) 12. Ne4 gxf4 13. Nf6+ Qxf6
14. exf6 Be6 15. Qh5 Bxd6 16. O-O-O O-O-O 17. Nf3 $16 {Zude,A-Buecker,S/Bad
Neuenahr 1987}) 11. Nf3 Nc6 12. Nb5 Rc8 (12... Nd5 $2 13. Bxc4 Nxe5 14. Bxd5
Nxf3+ 15. Bxf3 $18 {Pazo Coustie,R-Nunez Lucero,F/Santa Coloma 1994}) 13. Bg5 (
13. Nc7+ $2 Rxc7 14. dxc7 Qxc7 15. Bf4 Nd5 (15... Bb4+ 16. Bd2 Bxd2+ 17. Qxd2
Nxe5 18. Be2 $13) 16. Bd2 b5 17. a4 Nxe5 18. axb5 Bc5 $36) 13... Qd7 14. a4 h6
15. Be3 ({White bishop is definitly more active over the diagonal a7-g1, but
this move also poses black certain problems.} 15. Bd2 $5 a6 16. Nbd4 Nxd4 17.
Nxd4 Rc5 18. Qe2 Nxa4 19. Qe3 Bd5 20. Be2 $36) 15... Nd5 16. Bf2 a6 17. Nbd4
Nxe5 $5 {Best practical decision: black gets dangerous initiative at the cost
of a piece, and it's not so easy for white to find safe shelter for his king.}
18. Nxe5 Qxd6 19. Nef3 $6 {Much better was to retreat to f3 with other knight.}
(19. Ndf3 $1 Qb4+ 20. Qd2 Qb3 (20... c3 21. bxc3 Nxc3 22. Nd3 Qe4+ 23. Qe3 $16)
(20... Nf6 21. Qxb4 Bxb4+ 22. Ke2 O-O 23. Bd4 $14) 21. Nd4 Qb6 22. Nxe6 Qxe6
23. O-O-O $1 $18) 19... Qf4 $1 {[%cal Gf8b4] Perfect square for the black
queen. From now on white is the one who has to be carefull not to find himself
in troubles.} 20. Be2 (20. Nxe6 Bb4+ 21. Nd2 Qe5+ 22. Be2 c3 23. bxc3 Nxc3 24.
Bd4 Qxe6 25. Bxc3 Bxc3 26. Rc1 O-O $15) 20... Bb4+ 21. Kf1 O-O 22. Nxe6 (22. h4
Ne3+ 23. Bxe3 Qxe3 24. Nxe6 fxe6 $40 {[%csl Rf1][%cal Ge6e4]}) 22... fxe6 23.
Qd4 Qxd4 $1 {White pieces are so awkwardly placed that even with queens of the
board white king can't feel safe on f1.} 24. Bxd4 e5 25. Bxe5 Ne3+ 26. Kg1 (26.
Kf2 $2 Ng4+ 27. Kg3 Nxe5 28. Nxe5 Bd6 $19) 26... Nc2 27. Rc1 Bc5+ 28. Kf1 Ne3+
29. Ke1 $6 {Too optimistic. Safer was} (29. Kf2 Ng4+ 30. Ke1 Nxe5 31. Nxe5 Bb4+
32. Rc3 (32. Kd1 Rcd8+ 33. Kc2 Rd2+ $19) 32... b5 $13 {and white shouln't have
problems to hold this position.}) 29... Nxg2+ 30. Kd1 $2 {Missing 32..R:f3!} (
30. Kd2 Be3+ 31. Kc3 Bxc1 32. Rxc1 Nf4 33. Bxf4 Rxf4 $15) 30... Ne3+ 31. Kd2
Rcd8+ 32. Kc3 Rxf3 $1 $19 {After this move black's advantage is decisive,
however black blunders repitition of moves leaving him with only a half of a
point!} 33. b4 $8 Nd5+ (33... Rf5) 34. Kb2 Rb3+ (34... Rf2 35. Rc2 Ne3) 35. Ka1
Ra3+ 36. Kb2 Rb3+ 37. Ka1 Ra3+ (37... Rxb4) 38. Kb2 Rb3+ 1/2-1/2

[Event "Kiev Spring"]
[Site "Kiev"]
[Date "2000.03.25"]
[Round "4"]
[White "Svetushkin, Dmitry"]
[Black "Kosikov, Alexey I"]
[Result "1-0"]
[WhiteElo "2486"]
[BlackElo "2460"]
[Annotator "Finkel,A"]
[PlyCount "69"]
[EventDate "2000.03.22"]
[EventType "tourn"]
[EventRounds "11"]
[EventCountry "UKR"]
[EventCategory "11"]
[SourceTitle "CBM 077"]
[Source "ChessBase"]
[SourceDate "2000.07.27"]
[SourceVersion "1"]
[SourceVersionDate "2000.07.27"]
[SourceQuality "1"]

1. e4 Nf6 2. e5 Nd5 3. d4 d6 4. c4 Nb6 5. exd6 exd6 6. Nc3 Be7 7. Qf3 $5 {
Interesting continuation leading to very sharp and complicated struugle with
mutual chances.} Nc6 8. Be3 Be6 9. b3 (9. d5 $5 Ne5 10. Qg3 (10. Qe4 f5 (10...
Bg4 11. f4 Ned7 12. Be2 Bxe2 13. Ngxe2 $14) 11. Qc2 Bd7 12. Bxb6 axb6 13. f4
Ng4 14. Nf3 O-O $13) 10... Bg4 $1 $132) 9... Bf6 (9... O-O 10. Bd3 d5 11. c5
Nc8 12. Nge2 Bf6 13. O-O N8e7 14. Rad1 Qd7 15. h3 Ng6 $132 {Fossan,E-Gausel,E/
Eikrem mem 1996}) 10. O-O-O d5 11. c5 Nc8 12. Nge2 $5 (12. Nh3 Qd7 13. Be2 N8e7
14. Nf4 Bg5 15. Nxe6 Bxe3+ 16. Qxe3 Qxe6 17. Qxe6 $14 {Ganaus,H-Rumpl,E/
AUT-chT2O 9495}) 12... Qd7 13. h3 Bd8 $6 {The purpose of this move is not so
easy to understand,but one thing we may say for shure:white siezes the
initiative and keeps the pressure till the end of the game.} (13... N8e7 14. g4
Ng6 15. Nf4 Nxf4 16. Qxf4 O-O $132) 14. Nf4 N6e7 15. g4 $1 $14 {[%csl Gf5]} O-O
16. Bd3 c6 17. Nxe6 Qxe6 (17... fxe6 $2 18. Bxh7+ $18 {[%csl Rf8]}) 18. h4 b5 (
18... b6 19. h5 $5 {[%csl Rc8,Rd8,Re7]} bxc5 20. dxc5 Ba5 21. Ne2 $16) 19. Rdg1
a5 20. Ne2 Qd7 21. a3 $1 $16 {White pieces fully dominte the field and it's
important to prevent black from creating counterplay on the queenside.} Ra7 22.
g5 Bc7 23. h5 Qe6 24. Bf4 ({Even stronger was} 24. h6 $1 Ng6 (24... g6 25. Qf6
$1 Qxf6 26. gxf6 $18 {[%csl Re7][%cal Gg1g8]}) 25. hxg7 Kxg7 26. Qh5 Rh8 27.
Ng3 $18) 24... f5 25. Bxc7 Rxc7 26. Nf4 Qd7 27. Qe3 $18 {[%cal Gf4e6] Black is
helpless against numerous threats.} g6 (27... Rb7 28. Ne6 Rf7 29. g6 Rf6 30.
gxh7+ $18) 28. Ne6 Rf7 29. Nxc7 Qxc7 30. Kb1 gxh5 31. Rxh5 Ng6 32. Qe8+ Rf8 33.
Qe6+ Qf7 34. Bxf5 Nce7 35. Qxf7+ 1-0

[Event "Dortmund GM"]
[Site "Dortmund"]
[Date "2000.07.15"]
[Round "8"]
[White "Naiditsch, Arkadij"]
[Black "Varga, Zoltan"]
[Result "1-0"]
[WhiteElo "2449"]
[BlackElo "2541"]
[Annotator "Finkel,A"]
[PlyCount "113"]
[EventDate "2000.07.07"]
[EventType "tourn"]
[EventRounds "9"]
[EventCountry "GER"]
[EventCategory "9"]
[SourceTitle "CBM 078"]
[Source "ChessBase"]
[SourceDate "2000.10.18"]
[SourceVersion "1"]
[SourceVersionDate "2000.10.18"]
[SourceQuality "1"]

1. e4 Nf6 2. e5 Nd5 3. d4 d6 4. c4 Nb6 5. exd6 exd6 6. Nc3 Bf5 7. Bd3 $5 {
Possible continuation promising white nothing special from the opening.} Bxd3
8. Qxd3 Be7 (8... Nc6 9. Nf3 (9. Nge2 Be7 10. b3 Qd7 11. O-O O-O-O 12. Be3 Qg4
13. a3 Qg6 14. Qd2 $14 {Langrock,H-Seel,C/GER-chJ U13 1995}) 9... Be7 10. O-O
O-O 11. Be3 Re8 12. a3 a5 13. d5 Ne5 14. Nxe5 dxe5 15. c5 $14 {Guid,M-Gasser,G/
Bled op 1995}) 9. Nf3 O-O 10. h4 $5 {Otherwise black is just fine.} (10. O-O c6
11. Bf4 (11. b3 Na6 12. Bf4 d5 13. c5 Nd7 14. Rab1 Nc7 15. b4 Ne6 16. Bg3 a6
$11 {Wobbe,S-Westerinen,H/Wichern op 1993}) 11... d5 12. c5 N6d7 13. Rfe1 Re8
14. b4 Na6 15. b5 Nc7 16. bxc6 bxc6 17. Rab1 $14 {Dittmar,P-Gross,L/BL2-S 1994}
) 10... Re8 (10... d5 11. Ng5 g6 12. c5 Nc4 13. b3 Na5 14. Qf3 c6 15. Be3 $13)
11. Be3 d5 12. Ng5 Bxg5 $2 {Serious strategical mistake after which black
finds himself on defensive till the end of the game.It's too optimistic and
dangerous to open an h-file and to keep white pawn on g5.After correct} (12...
g6 $5 13. b3 Bxg5 14. hxg5 Qxg5 15. Kf1 dxc4 16. bxc4 Qd8 17. d5 $44 {the
position remains unclear.}) 13. hxg5 g6 14. O-O-O $1 {Probably black missed
this strong move.} dxc4 ({Even worse is} 14... Nxc4 15. Bf4 {[%cal Gd3h3]} Qd7
16. Rh4 c6 17. Rdh1 $16 {[%csl Rh7]}) 15. Qe2 N8d7 (15... Nd5 16. Qf3 Nxe3 17.
fxe3 Qxg5 18. Nd5 Nd7 19. Rxh7 $1 $18) 16. Qf3 $1 {[%csl Rb7][%cal Gh1h7]} f5
17. Qxb7 $16 {The material balance is restored and now black is left with all
his problems for nothing.} Rb8 18. Qc6 Qe7 19. Rh6 Nf8 (19... Qd6 20. Qf3 Qb4
21. Rdh1 Nf8 22. Bf4 $16 {[%cal Gf4e5]}) 20. d5 Red8 (20... Qd6 21. Nb5 $1 Qxc6
22. dxc6 $16 {[%csl Ra7,Rc7]}) 21. Bf4 Rd7 22. Rhh1 Rbd8 23. Rd2 Qe8 24. Rhd1
Re7 $5 (24... Qf7 25. Be5) 25. Qxe8 Rdxe8 26. Nb5 Nxd5 $8 {The arising after
this move ending promises black very small chances of survival,but that's his
only choice.} 27. Rxd5 c6 28. Nd6 cxd5 29. Nxe8 Rxe8 30. Rxd5 {[%csl Ra7,Rc4]}
Re2 (30... Ne6 31. Be3 Re7 32. Kc2 Kf7 33. Kc3 $16) 31. Rd2 Re8 (31... Rxd2 32.
Kxd2 Ne6 33. g3 Nc5 34. Kc3 Ne4+ 35. Kxc4 Nxf2 36. Kb5 $18 {[%cal Gb5a6,Ga6a7,
Gb2b7]}) 32. Be3 Kf7 33. Kc2 Re6 34. Rd8 Ra6 35. a3 f4 ({Nothing changes} 35...
Ne6 36. Rd7+ Ke8 37. Rxh7 f4 38. Bxa7 Nxg5 39. Rb7 $18) 36. Bxf4 Ne6 37. Rd7+
Ke8 38. Rd6 $18 {The simplest way to win the game:black can't protect his pawn
on c4.} Rxd6 39. Bxd6 Kd7 40. Bb8 a6 41. Kc3 Nxg5 42. Kxc4 Kc6 43. b4 Ne4 44.
f3 Nf6 45. a4 Nd7 46. Ba7 Ne5+ 47. Kd4 Nd7 48. f4 $1 {Preoaring to come back
to c4.} Kb7 49. Bc5 Kc6 50. Kc4 Nf6 51. b5+ axb5+ 52. axb5+ Kd7 53. Bd4 Nh5 54.
Be5 Ng3 55. Kc5 Nf5 56. b6 Kc8 57. g4 1-0

[Event "Budapest FS06 GM"]
[Site "Budapest"]
[Date "1999.06.06"]
[Round "2"]
[White "Varga, Zoltan"]
[Black "Llanos, Guillermo"]
[Result "1-0"]
[WhiteElo "2518"]
[BlackElo "2437"]
[Annotator "Finkel,A"]
[PlyCount "97"]
[EventDate "1999.06.??"]
[EventType "tourn"]
[EventRounds "10"]
[EventCountry "HUN"]
[EventCategory "9"]
[SourceTitle "CBM 072"]
[Source "ChessBase"]
[SourceDate "1999.10.01"]
[SourceVersion "1"]
[SourceVersionDate "1999.10.01"]
[SourceQuality "1"]

1. e4 Nf6 2. e5 Nd5 3. d4 d6 4. c4 Nb6 5. exd6 cxd6 6. Nc3 g6 7. Be3 Bg7 8. Rc1
O-O 9. b3 e5 10. dxe5 dxe5 11. Qxd8 Rxd8 12. c5 N6d7 13. Nf3 (13. Bc4 Nc6 14.
Ne4 Nf8 15. Nd6 Ne6 16. Nf3 Ncd4 17. Ng5 Nxg5 18. Bxg5 Rd7 $13 {Yagupov,
I-Ukolov,A/Moscow-ch 1996}) 13... Nc6 14. Bc4 Na5 (14... h6 15. Ne4 Nf8 (15...
Na5 16. Bd5 Nf6 17. Nxf6+ Bxf6 18. Rd1 Kg7 19. O-O Re8 20. Nd2 $14 {Finkel,
A-Drazic,S/Nova Gorica op 1997}) 16. Nd6 Rd7 17. O-O Re7 18. Nxc8 Rxc8 19. Rfd1
Kh7 $132 {Gross,D-Bagirov,V/Berliner Sommer 1996}) (14... Nd4 15. Ng5 (15. Ne4
$6 Nxf3+ 16. gxf3 Nf8 17. Nd6 Ne6 18. Bxe6 fxe6 $13 {Hjelm,N-Todorovic,G/
Budapest FS08 IM-B 1995}) 15... Rf8 16. Nce4 Nf5 17. Nxf7 $5 (17. O-O Nf6 18.
Nd6 Nxd6 19. cxd6 Bd7 20. a4 Bc6 21. Rfd1 a6 22. f3 $14 {Dzindzichashvili,
R-Alburt,L/USA-ch 1996}) 17... Rxf7 18. Ng5 Nh6 19. Ne6 Nf8 20. Nxg7 $14 {
Olsson,K-Zetterberg,S/SWE-chB 1995}) 15. Be2 (15. Bg5 $6 Rf8 16. Be7 Nxc4 17.
Bxf8 Kxf8 18. bxc4 Nxc5 19. O-O Bf5 (19... e4 20. Ng5 Nd3 21. Ncxe4 Nxc1 22.
Rxc1 h6 $17 {Honfi,K-Varga,Z/Budapest FS02 GM 1995}) 20. Rfd1 Bd3 21. Ne1 e4
22. Nxd3 Nxd3 23. Rc2 Nb4 24. Rcc1 Nd3 {1/2-1/2 Kristensen,L-Kristiansen,J/
Esbjerg 1996}) 15... b6 16. cxb6 ({Nothing special promises} 16. b4 Nc6 17. b5
Nd4 18. c6 Nc5 19. O-O a6 $132 {and black has sufficient counterchanses.})
16... Nxb6 ({Worse is} 16... axb6 $6 17. Nd5 $1 Rb8 18. b4 Bb7 19. Nxb6 Nc6 (
19... Bxf3 $6 20. Nxd7 $1 Rxd7 21. Bxf3 Rxb4 22. Rc8+ Bf8 23. Rxf8+ Kxf8 24.
Bc5+ $18) 20. Nxd7 Rxd7 21. a3 $16 {and white is a pawn up.}) 17. Nb5 Bb7 (
17... Nd5 $5) 18. O-O Nd5 19. Rfd1 Nc6 $6 ({Much more in the spirit of the
position was} 19... Nxe3 $5 20. fxe3 e4 21. Nfd4 Bf8 $1 $13 {with mutual
chanses.}) 20. Rxd5 $1 Rxd5 21. Nc7 Rdd8 ({Also after} 21... Rad8 22. Nxd5 Rxd5
23. Bc4 Rd7 24. Bb5 a6 $1 {[%csl Rg1]} 25. Ba4 (25. Bxc6 Bxc6 26. Rxc6 $4 Rd1+
$19) 25... Rd6 26. Nd2 $14 {white keeps better chanses.}) 22. Nxa8 Bxa8 23. Bb5
$1 Nd4 (23... h6 $6 24. Bxc6 Bxc6 25. Bxa7 e4 26. Ne1 Ra8 27. Rxc6 Rxa7 28. Rc2
$16) 24. Nxd4 exd4 25. Bg5 f6 (25... Rb8 26. Bf4 Rd8 27. Rc7 a5 28. Ra7 $16)
26. Bd2 Bd5 27. Rc7 $1 $16 {[%csl Ra7] Black passed pawn is blocked and
doesn't cause white any problems,while the a-pawn becomes a target for white
pieces.} Rb8 28. Ba6 {Covering square b7.} f5 29. Rxa7 Re8 30. Bb5 Rb8 31. Bd3
$18 {White is a pawn up and the win is just a matter of time.} h6 32. h4 (32.
f3 $5 {[%cal Gg1d1,Gb3b7]}) 32... h5 33. f3 Bf7 34. Kf2 Bf6 35. g3 Rc8 36. b4 (
36. Ke2 $5 Re8+ 37. Kd1 Rc8 38. b4 $18) 36... Bc4 37. Bxc4+ Rxc4 38. Ke2 Rc2
39. b5 Rb2 40. a4 Be5 41. f4 Bf6 42. Rb7 Rb3 43. a5 Rxg3 44. a6 d3+ 45. Kf2 Rg4
46. a7 Bd4+ 47. Kf3 Bxa7 48. Rxa7 Rxh4 49. b6 1-0

[Event "GER-ch 74th"]
[Site "Saarbruecken"]
[Date "2002.11.28"]
[Round "7"]
[White "Naiditsch, Arkadij"]
[Black "Luther, Thomas"]
[Result "1-0"]
[WhiteElo "2586"]
[BlackElo "2538"]
[Annotator "Finkel,A"]
[PlyCount "83"]
[EventDate "2002.11.22"]
[EventType "swiss"]
[EventRounds "9"]
[EventCountry "GER"]
[SourceTitle "CBM 093"]
[Source "ChessBase"]
[SourceDate "2003.04.01"]
[SourceVersion "1"]
[SourceVersionDate "2003.04.01"]
[SourceQuality "1"]

1. e4 Nf6 2. e5 Nd5 3. d4 d6 4. c4 Nb6 5. exd6 exd6 6. Nc3 Nc6 7. Nf3 {This
modest variation is Naiditsch's speciality.} Be7 (7... Bg4 $5) 8. h3 O-O 9. Bd3
Bf6 10. O-O (10. Be3 Nb4 (10... Re8 11. O-O g6 12. a3 $6 d5 13. cxd5 Nxd5 14.
Ne4 Bf5 $11 {Cabilin,J-Cowley,R/Sydney 1992}) 11. Be2 Bf5 12. Rc1 d5 13. b3 h6
14. O-O Nc6 $13 {Schruefer,G-Andersen,J/Germany 1982}) 10... Nxd4 $6 {Extremly
dubious decision passing the initiative into white's hands. Black lightsquared
bishop is much weaker than white darksquared one, not to mention the fact
black is left without any counterplay after this trade.} 11. Nxd4 Bxd4 12.
Bxh7+ Kxh7 13. Qxd4 Re8 (13... Kg8 14. b3 Be6 15. Bb2 f6 16. Rfe1 Re8 17. Re3
Bf7 18. Rg3 Qe7 19. Ne4 $14 {Schmidt,M-Mueschenich,S/Germany 2000}) 14. b3 Re6
$6 {Another dubious decision. Black volunterely weakens long diagonal.} 15. f4
f5 $2 {[%csl Rg7]} 16. Bb2 Qe7 17. a4 $1 a5 {[%csl Ra5] Unfortunately for
black he is forced to play a5 because the knight has to remain on b6
preventing Nd5.} 18. Rf3 Bd7 (18... Rg6 19. Nb5 Be6 20. Re1 Qd7 21. Rfe3 Re8
22. Qd2 $18 {[%csl Ra5]}) 19. Rg3 Rg6 20. Rxg6 Kxg6 21. Kh2 Bc6 22. Nb5 Rg8 (
22... Be4 23. Re1 Kh7 24. Re3 Rg8 25. Bc3 $16) 23. Qf2 $1 {Threatening to play
Re1.} Re8 24. Bc3 {Now we can realise the consequances of 18...a5. Black can't
protect a pawn on a5.} Bxb5 25. Qg3+ Kh7 26. axb5 Qf7 (26... Nd7 27. Re1 $18 {
[%csl Rg7]}) 27. Rxa5 Nd7 28. b6 $5 Nc5 (28... c5 $142 29. Qd3 Re6 30. Ra8 Nxb6
31. Rd8 Nd7 32. g4 $18) 29. bxc7 Qxc7 30. Qg5 Qf7 $6 (30... Rf8) 31. Bxg7 $1
$18 {The final blow.} Qg6 (31... Qxg7 32. Qh5+ Qh6 33. Qf7+ $1 Qg7 34. Qxe8 $18
) 32. Bf6 Qxg5 33. Bxg5 Re2 34. b4 Nd3 35. Rxf5 Ne1 36. Kg3 Kg7 37. Kg4 Nxg2
38. Kh5 Re8 39. Bh6+ Kh8 40. Rf7 Ne3 41. Rxb7 Nxc4 42. Bg5 1-0

[Event "ARM-ch"]
[Site "Yerevan"]
[Date "1999.10.17"]
[Round "2"]
[White "Minasian, Artashes"]
[Black "Nalbandian, Tigran"]
[Result "1-0"]
[WhiteElo "2600"]
[BlackElo "2445"]
[Annotator "Finkel,A"]
[PlyCount "107"]
[EventDate "1999.10.16"]
[EventType "tourn"]
[EventRounds "11"]
[EventCountry "ARM"]
[EventCategory "10"]
[SourceTitle "CBM 074"]
[Source "ChessBase"]
[SourceDate "2000.02.01"]
[SourceVersion "1"]
[SourceVersionDate "2000.02.01"]
[SourceQuality "1"]

1. e4 Nf6 2. e5 Nd5 3. d4 d6 4. c4 Nb6 5. exd6 exd6 6. Nc3 Be7 7. Bd3 $5 {
On my opinion this is very promising variation for white and the following
game shows it very clearly.} Nc6 8. Nge2 Bg4 9. f3 Bh5 10. O-O (10. Nf4 Bg6 11.
Nxg6 $6 (11. Be2 Bg5 12. O-O Bxf4 $6 13. Bxf4 Qf6 14. Be3 O-O 15. Qd2 $14 {
Mrdja,M-Wohl,A/Imperia op 1996}) 11... hxg6 12. O-O Nxd4 13. Bxg6 Nc6 14. Be4
Nxc4 15. Bxc6+ bxc6 16. Qa4 Nb6 17. Qxc6+ Qd7 $13 {De Jong,M-Gausel,E/VAM
Hoogeveen op 1998}) 10... Bg6 (10... O-O 11. b3 d5 $2 12. c5 Nxd4 13. cxb6
Nxe2+ 14. Nxe2 axb6 15. Bb2 Bg6 16. Nf4 $16 {Petermann,H-Nielsen,M/Copenhagen
op17 1995}) 11. Bxg6 (11. b3 Bf6 12. Be3 d5 13. c5 Nc8 14. a3 (14. Qd2 N8e7 15.
g4 Bxd3 16. Qxd3 g6 17. Bh6 Rg8 18. Bf4 Qd7 $13 {Feick,S-Panchenko,A/OL-NO9394}
) 14... N8e7 15. b4 Qd7 16. Qd2 Bxd3 17. Qxd3 h5 {Dzindzichashvili,
R-Khmelnitsky,I/USA-ch 1996}) 11... hxg6 12. b3 $5 ({Also after} 12. d5 Ne5 13.
b3 g5 14. Ng3 Nbd7 15. Nce4 Nf8 16. Qd2 f6 17. Nf5 $14 {white keeps an opening
edge;Cicak,S-Freisler,P/Czech Extraleague 1998}) 12... Bf6 13. Ne4 (13. d5 Ne5
14. Bb2 O-O 15. Ng3 Re8 16. Nge4 $14) 13... d5 14. Nxf6+ Qxf6 15. c5 Nc8 (15...
Nd7 16. b4 O-O 17. b5 Ne7 18. Bf4 Rac8 19. Qa4 $1 $16 {[%csl Ra7,Rc7]}) 16. Bf4
Kd7 17. Qd2 $1 {[%csl Rf6] Suddenly the black queen feels uncomfortable on f6.}
(17. b4 a6 18. Rb1 Re8 19. Bg3 N8e7 20. a4 Nf5 $132) 17... Qh4 (17... N8e7 18.
Rae1 $1 $16 {[%csl Rf6]}) 18. b4 a6 19. a4 Nd8 (19... N8e7 20. b5 Nd8 21. Qb4
Ne6 22. Bg3 Qf6 23. Rac1 $36 {[%cal Gc5c6]}) 20. b5 Ne7 21. Qa5 $1 $16 Rc8 22.
Rfe1 g5 (22... Ne6 23. c6+ $1 bxc6 24. bxc6+ Ke8 25. Bg3 Qf6 26. Qxa6 $16) 23.
Bg3 Qh6 24. Nc3 $5 {Keeping on to play in the same agressive style.} (24. c6+
$5 bxc6 25. bxa6 Nf5 26. h3 $16) 24... Ndc6 $1 25. Rxe7+ $8 Nxe7 26. Re1 $36
Rhd8 (26... Rhe8 27. c6+ bxc6 28. bxa6 Nf5 29. Rxe8 Kxe8 30. a7 Ra8 31. Qxc7
Qe6 32. Qb8+ Ke7 (32... Qc8 33. Qxc8+ Rxc8 34. Bb8 $18) 33. Qb7+ $1 $18) 27.
c6+ $1 bxc6 28. bxa6 {[%csl Rc7][%cal Ga6a8]} Nf5 (28... Qf6 29. Be5 Qg6 30. a7
Nf5 31. a8=Q Rxa8 32. Qxc7+ Ke8 33. Bd6+ $18) 29. Nxd5 $1 {The point of 24th
move of white:now black has to enter absolutely hopeless endgame.} cxd5 30.
Qxd5+ Nd6 31. Bxd6 Qxd6 (31... cxd6 32. Qxf7+ Kc6 33. Qb7#) 32. Qxf7+ Kc6 33.
Re6 $18 Ra8 34. Rxd6+ Rxd6 35. Qc4+ Kd7 36. Qb5+ Ke7 37. Qxg5+ Kf8 38. Qc5
Raxa6 39. Qxc7 {The win is just a matter of technique.} Rac6 40. Qb8+ Kf7 41.
h4 {[%cal Gg1h2,Gh2e5]} g6 (41... Rxd4 42. Qb7+ $18 {[%cal Gb7c6,Gb7f7]}) 42.
a5 Rd7 43. Qb3+ Kf6 44. Qb5 Rdd6 45. Kh2 Ke7 46. Kg3 Kd8 47. d5 Ra6 48. Kf4
Rf6+ 49. Ke4 Ke7 50. g4 Kf7 51. Qb7+ Kf8 52. Ke5 Ke8 53. Qc8+ Ke7 54. Qc7+ 1-0